| 000 | 01102nam a2200265Ia 4500 | ||
|---|---|---|---|
| 003 | OSt | ||
| 005 | 20221005104352.0 | ||
| 006 | a|||||r|||| 00| 0 | ||
| 007 | ta | ||
| 008 | 221004b |||||||| |||| 00| 0 hin d | ||
| 020 |
_a9789350502327 (hbk) _c1150 |
||
| 024 | _a26156 | ||
| 037 |
_b2341, 19/03/2016, Success Book Service _cTextual |
||
| 040 |
_aCRL _cCRL _bhin |
||
| 041 |
_2hin _ahin |
||
| 082 | _aN44:g(Y), 152Q5 | ||
| 100 | _aपाण्डे, सुस्मिता, संपा. | ||
| 245 | 0 | _aप्राचीन भारतीय कला एवं सामाजिक यथार्थ | |
| 246 | _aPrāchīn bhāratīya kalā evan sāmājik yathārtha | ||
| 260 |
_aदिल्ली _bबी. आर. पब्लिशिंग कोर्पोरेशन भारत _c2015 |
||
| 300 |
_a152पृ0 _ccm. |
||
| 650 | _aल्थ्ल्त् क्ल्ज्ञ | ||
| 942 |
_hN44:g(Y), 152Q5 _cTEXL _2cc |
||
| 999 |
_c1012489 _d1012489 |
||